01422nam a2200349 a 4500001001100000003000800011006001900019007001500038008004100053015001500094016001900109020001500128040002100143035002000164050002400184082001800208100002900226245009700255260008000352300003800432500002600470533015200496600003800648650004100686650004800727650005700775650004500832655002900877700002400906710001700930856012500947ebr5006006CaPaEBRm u cr cn|||||||||020502s2002 enkabc s 000 0 eng  aGBA2-306757 a15575317062Uk z1557531706 aCaPaEBRcCaPaEBR a(OCoLC)7076863314aD570.9b.S67 2002eb04a940.449732211 aSpring, Harry,db. 1888.13aAn engineer's diary of the Great Warh[electronic resource] /cedited by Terry M. Bareither. aWest Lafayette, Ind. ;a[Great Britain] :bPurdue University Press,cc2002. avii, 259 p. :bill., maps, ports. aAuthor: Harry Spring. aElectronic reproduction.bPalo Alto, Calif. :cebrary,d2013.nAvailable via World Wide Web.nAccess may be limited to ebrary affiliated libraries.10aSpring, Harry,db. 1888vDiaries. 0aMilitary engineerszFrancevDiaries. 0aMilitary engineerszUnited StatesvDiaries. 0aWorld War, 1914-1918vPersonal narratives, American. 0aWorld War, 1914-1918xCampaignszFrance. 7aElectronic books.2local1 aBareither, Terry M.2 aebrary, Inc.40uhttp://site.ebrary.com/lib/rucke/Doc?id=5006006zAn electronic book accessible through the World Wide Web; click to view